நோபல் பரிசு பெற்ற இயற்பியலறிஞா்கள்

Saved in:
Bibliographic Details
Main Author: சிதம்பரம்
Format: Book
Language:English
Published: கொழும்பு சேமமடு பதிப்பகம் 2018
Tags: Add Tag
No Tags, Be the first to tag this record!

MARC

LEADER 00000nam a22000007a 4500
005 20251118101311.0
008 251118b |||||||| |||| 00| 0 eng d
020 |a 9789551857813 
082 |a 920  |b சிதம் 
100 |a சிதம்பரம் 
245 |a நோபல் பரிசு பெற்ற இயற்பியலறிஞா்கள்  |c நா.சு.சிதம்பரம் 
260 |a கொழும்பு  |b சேமமடு பதிப்பகம்  |c 2018 
300 |a 80 
942 |c BK 
999 |c 16464  |d 16464